| 000 | 00599nam a22002177a 4500 | ||
|---|---|---|---|
| 999 |
_c30788 _d30788 |
||
| 008 | 201007b ||||| |||| 00| 0 eng d | ||
| 020 | _a97803023066549 | ||
| 050 | _aRT 41 .M35 2007 | ||
| 100 |
_aMaltas Judy L. _d2007 |
||
| 245 |
_aMedical- surgical nursing _bAssessment and management of clinical problems _cJudy L. Maltas |
||
| 250 | _a8th ed. | ||
| 260 |
_aU.S.A _belsevier mosby _c2007 |
||
| 300 |
_aiv,513p. _bill. _c24cm |
||
| 650 | _asurgical nursing | ||
| 700 | _aLewis | ||
| 700 | _adirksen | ||
| 700 | _aHeitkemper | ||
| 700 | _aBucher | ||
| 700 | _aCamera | ||
| 942 |
_2lcc _cBOOKS |
||